[Event "World School-ch U11"]
[Site "Rhodes"]
[Date "2023.04.15"]
[Round "2"]
[White "Smirnov, Mark1111"]
[Black "Sarthak, Deshpande"]
[Result "0-1"]
[WhiteElo "2061"]
[BlackElo "1434"]
[PlyCount "92"]
[EventDate "2023.04.14"]
[EventType "swiss"]
[EventRounds "9"]
[EventCountry "GRE"]
[SourceTitle "EXT 2024"]
[Source "ChessBase"]
[SourceDate "2023.10.10"]
[SourceVersion "1"]
[SourceVersionDate "2023.10.10"]
[SourceQuality "1"]

1. e4 c6 2. d4 d5 3. Nc3 dxe4 4. Nxe4 Nf6 5. Nxf6+ exf6 6. c3 Bd6 7. Bd3 0-0 8. Qc2 Re8+ 9. Ne2 h5 10. 0-0 Qc7 11. h3 Nd7 12. c4 c5 13. d5 Ne5 14. Nc3 a6 15. b3 Nxd3 16. Qxd3 Be5 17. Bb2 Qd7 18. Na4 Bxb2 19. Nxb2 Qd6 20. Rfe1 Bd7 21. Qf3 g6 22. Qc3 b6 23. Rxe8+ Rxe8 24. Re1 Re5 25. Nd3 Rg5 26. Re3 h4 27. b4 cxb4 28. Qxb4 Qxb4 29. Nxb4 a5 30. Na6 Re5 31. Rb3 Re4 32. Rxb6 Rxc4 33. Rxf6 Rc2 34. a3 Rc3 35. Nb8 Be8 36. Rf3 Rxf3 37. gxf3 Kf8 38. Na6 Ke7 39. Nc5 a4 40. f4 f5 41. Nd3 Kd6 42. Ne5 Kxd5 43. f3 g5 44. Kf2 Kd4 45. Ke2 gxf4 46. Nd3 Bb5 0-1

[Event "Wch U10 rapid"]
[Site "Rhodes"]
[Date "2022.05.02"]
[Round "7"]
[White "Golubovic, Erik"]
[Black "Sarthak, Deshpande"]
[Result "1/2-1/2"]
[WhiteElo "1436"]
[BlackElo "1046"]
[PlyCount "144"]
[EventDate "2022.05.01"]
[EventType "swiss (rapid)"]
[EventRounds "9"]
[EventCountry "GRE"]
[SourceTitle "CBM 208 Extra"]
[Source "ChessBase"]
[SourceDate "2022.07.31"]
[SourceVersion "1"]
[SourceVersionDate "2022.07.31"]
[SourceQuality "1"]

1. e4 c6 2. d4 d5 3. exd5 cxd5 4. Bd3 Nf6 5. h3 g6 6. Nf3 Bg7 7. 0-0 0-0 8. Re1 Nc6 9. c3 Bf5 10. Bf1 Ne4 11. Nbd2 Rc8 12. Nxe4 Bxe4 13. Nd2 Bf5 14. Nf3 Qc7 15. Bg5 f6 16. Bh4 Qd7 17. Bg3 Rfe8 18. Bb5 a6 19. Ba4 b5 20. Bb3 Na5 21. Bh2 Nc4 22. Qe2 Be4 23. Nd2 Nxd2 24. Qxd2 Kh8 25. a4 e5 26. dxe5 Qc6 27. exf6 Bxf6 28. Bc2 Bxc2 29. Qxc2 d4 30. axb5 axb5 31. Rxe8+ Rxe8 32. Rc1 dxc3 33. bxc3 Qxc3 34. Qd1 Qa5 35. Bg3 b4 36. Qd7 Qd8 37. Qb7 Qe7 38. Rc7 Qe1+ 39. Kh2 Re7 40. Qc6 Qe6 41. Qa8+ Kg7 42. Rc8 b3 43. Rb8 b2 44. Qa3 Qe2 45. Qb3 Qe6 46. Qa3 Qe4 47. Rxb2 Bxb2 48. Qxb2+ Kg8 49. Qb3+ Qe6 50. Qxe6+ Rxe6 51. Bf4 Kf7 52. g3 Re2 53. Kg2 Kf6 54. h4 Kf5 55. Kf3 Ra2 56. Be3 Ra3 57. Kg2 h5 58. Kf3 Rc3 59. Kg2 Ke4 60. Bg5 Rc2 61. Be3 Re2 62. Bc5 Rc2 63. Be3 Rc3 64. Bg5 Rf3 65. Be7 Rf7 66. Bg5 Kd3 67. Bd8 Ke2 68. Bb6 Rf5 69. Ba7 g5 70. hxg5 Rxg5 71. Be3 Rf5 72. Ba7 Rg5 1/2-1/2